| 000 | 01564cam a2200289 4500 | ||
|---|---|---|---|
| 001 | ABS66525 | ||
| 008 | 030326n2003 000 0 eng u | ||
| 035 | _a(Sirsi) u121752 | ||
| 100 | _aMorris, H. | ||
| 245 | _aDrastic surgery for England's landscape | ||
| 260 | _c2003 | ||
| 490 |
_aAxis _v57(5) January/February 2003, 10-13(4) |
||
| 520 | _aPresents a lucid analysis and assessment of the communities plan, that will make fundamental changes to the nation's landscape. Defines the concept of sustainable communities, reviews the financial provision, examines the new growth areas and details the plan's specific tasks such as setting up regional housing boards and strategic guidance for local housing authorities. Notes that the plan is not just about housing but also the wider environment with urban parks and green spaces, high quality design, planning and infrastructure having a role to play. The communities plan is available at www.communities.odpm.gov.uk/index.htm | ||
| 590 | _aABS | ||
| 650 | _aSUSTAINABLE COMMUNITIES: BUILDING FOR THE FUTURE | ||
| 650 | _aSUSTAINABLE COMMUNITIES | ||
| 650 | _aMARKET RENEWAL PATHFINDER AREAS | ||
| 650 | _aTHAMES GATEWAY | ||
| 650 | _aREGIONAL HOUSING BOARDS | ||
| 650 | _aLOCAL HOUSING AUTHORITIES | ||
| 650 | _aGREEN SPACES | ||
| 650 | _aMILTON KEYNES | ||
| 650 | _aBROWNFIELD DEVELOPMENT | ||
| 690 | _aHOUSING-DEVELOPMENT | ||
| 856 |
_uhttps://www.communities.gov.uk/documents/communities/pdf/146289.pdf _zView the communities plan free of charge at www.communities.gov.uk |
||
| 942 | _n0 | ||
| 999 |
_c72360 _d72360 |
||